000 00338nam a2200133Ia 4500
008 240624s9999 xx 000 0 und d
041 _aeng
082 _a305.4201 BRO
100 _aBROWNE JUDE
245 _aFUTURE OF GENDER
260 _c2007
_aCambridge
_bCambridge University Press
300 _a298 : p. : cm. ; 22
365 _cBPS
_b30
999 _c11561
_d11561